000 00458nam a2200193Ia 4500
008 151121s9999||||xx |||||||||||||| ||und||
082 _a823/PRO
082 _bHNW-64998
100 _aProuty Olive Higgings
245 _aStella Dallas
260 _bVirago Press
260 _c--
300 _a235
600 _aProuty Olive Higgings
630 _aStella Dallas
700 _aProuty Olive Higgings
730 _aStella Dallas
942 _cBOOK
999 _c1246522
_d1246519